| 000 | 00419cam a2200157ua 4500 | ||
|---|---|---|---|
| 041 |
_aeng _h |
||
| 082 |
_a531 _bMCK/SE |
||
| 100 | _aMckenzie, AEE . | ||
| 245 |
_aSecond course of mechanics and properties of matter / _cAEE Mckenzie. _hTextual Documents |
||
| 250 |
_a2 / _b. |
||
| 260 |
_aCambridge : _bCambridge University Press , _c1960. |
||
| 300 | _a238 ; . | ||
| 504 | _a | ||
| 942 | _cBK | ||
| 999 |
_c8501 _d8501 |
||